书目信息 |
| 题名: |
居里夫人传
|
|
| 作者: | 居里 著 ;左明彻 译 | |
| 分册: | ||
| 出版信息: | 北京 商务印书馆 2017.09 |
|
| 页数: | xi, 430页, [8] 页图版 | |
| 开本: | 24cm | |
| 丛书名: | 世界名人传记丛书 | |
| 单 册: | ||
| 中图分类: | K835.656.13 | |
| 科图分类: | ||
| 主题词: | 科学家--ke xue jia--传记--法国--现代 | |
| 电子资源: | ||
| ISBN: | 978-7-100-12519-2 | |
| 000 | 01221nam 2200301 450 | |
| 001 | 2032923317 | |
| 005 | 20201106090909.41 | |
| 010 | @a978-7-100-12519-2@dCNY75.00 | |
| 100 | @a20171106d2017 em y0chiy50 ea | |
| 101 | 1 | @achi@cfre |
| 102 | @aCN@b110000 | |
| 105 | @aaf z 000ya | |
| 200 | 1 | @a居里夫人传@Aju li fu ren zhuan@f(法) 艾芙·居里著@g左明彻译 |
| 210 | @a北京@c商务印书馆@d2017.09 | |
| 215 | @axi, 430页, [8] 页图版@c图@d24cm | |
| 225 | 2 | @a世界名人传记丛书@Ashi jie ming ren zhuan ji cong shu |
| 305 | @a据法国巴黎加利马尔书店1938年法文版译出 | |
| 312 | @a法文题名取自书内 | |
| 330 | @a本书讲述了世界上第一位两次获得诺贝尔奖的科学家居里夫人传奇的一生, 她那伟大无私又谦虚质朴的高尚品格, 伟大的爱国精神, 在科学探索中表现出的坚毅刻苦、锲而不舍的顽强精神令世人敬佩, 以自己的科学发现造福人类。 | |
| 410 | 0 | @12001 @a世界名人传记丛书 |
| 500 | 10 | @aMadame Curie@mChinese |
| 600 | 1 | @a居里夫人@Aju li fu ren@g(Curie, Marie Sklodowska),@f1867-1934@x传记 |
| 606 | 0 | @a科学家@Ake xue jia@x传记@y法国@z现代 |
| 690 | @aK835.656.13@v5 | |
| 701 | 1 | @a居里@Aju li@g(Curie, Eve),@f1904-2007@4著 |
| 702 | 0 | @a左明彻@Azuo ming che@4译 |
| 801 | 0 | @aCN@b人天书店@c20201024 |
| 905 | @aZUCC@dK835.656@eJ928 | |
| 居里夫人传/(法) 艾芙·居里著/左明彻译.-北京:商务印书馆,2017.09 |
| xi, 430页, [8] 页图版:图;24cm.-(世界名人传记丛书) |
| ISBN 978-7-100-12519-2:CNY75.00 |
| 本书讲述了世界上第一位两次获得诺贝尔奖的科学家居里夫人传奇的一生, 她那伟大无私又谦虚质朴的高尚品格, 伟大的爱国精神, 在科学探索中表现出的坚毅刻苦、锲而不舍的顽强精神令世人敬佩, 以自己的科学发现造福人类。 |
| ● |
| 相关链接 |
|
|
|
正题名:居里夫人传
索取号:K835.656/J928
 
预约/预借
| 序号 | 登录号 | 条形码 | 馆藏地/架位号 | 状态 | 备注 |
| 1 | 1481276 | 214812764 | 社科库309/309社科库 1排4列6层/ [索取号:K835.656/J928] | 在馆 | |
| 2 | 1481277 | 214812773 | 社科库309/309社科库 1排4列6层/ [索取号:K835.656/J928] | 在馆 | |
| 3 | 1481278 | 214812782 | 社科库309/309社科库 1排4列6层/ [索取号:K835.656/J928] | 在馆 |